Between Boston and Washington Quiz Stats

 Plays Quiz not verified by Sporcle

Support Sporcle.
Go Orange.
Score 0/21 Timer 11:00
0 Plays Today
% Correct
BOSTON
95.9%
WASHINGTON
94.7%
New York
90.3%
Providence
90.1%
Yonkers
86.4%
Philadelphia
81.8%
Wilmington
76.3%
Baltimore
76.3%
Annapolis
74.3%
Edison
72%
Trenton
70.6%
% Correct
New Haven
68.3%
Havre De Grace
67.8%
Framingham
63.9%
Worcester
63%
Bridgeport
61.1%
Stamford
60.5%
Webster
59.8%
Hartford
59.5%
Norwich
57.9%
Meriden
57.2%

You're not logged in!

Compare scores with friends on all Sporcle quizzes.
OR
Log In

From the Vault

10 Poorest Countries in Europe

by bikingguy

Change just one letter and these are the poolest countries in Europe. That sounds way more fun.
Remove Ads.
Support Sporcle.
Get the best of Sporcle when you Go Orange. This ad-free experience offers more features, more stats, and more fun while also helping to support Sporcle. Thank you for becoming a member.

Show Comments

Extras

Top Quizzes Today


Score Distribution

Your Account Isn't Verified!

In order to create a playlist on Sporcle, you need to verify the email address you used during registration. Go to your Sporcle Settings to finish the process.

Report this User

Report this user for behavior that violates our Community Guidelines.

Details: